Online
Catalog

La obra poética de Félix Franco Oppenheimer : (Record no. 7216)

MARC details
000 -CABECERA
campo de control de longitud fija 00988cam a2200253 a 4500
001 - NÚMERO DE CONTROL
campo de control 000007435
005 - FECHA Y HORA DE LA ÚLTIMA TRANSACCIÓN
campo de control 20200929154153.0
008 - DATOS DE LONGITUD FIJA--INFORMACIÓN GENERAL
campo de control de longitud fija 790717s1981 pr b s000 0 spa
020 ## - NÚMERO INTERNACIONAL ESTÁNDAR DEL LIBRO
Número Internacional Estándar del Libro 0847700593
040 ## - FUENTE DE LA CATALOGACIÓN
Centro catalogador/agencia de origen DO-SdBNP
Centro/agencia transcriptor DLC
Centro/agencia modificador DLC
082 ## - NÚMERO DE LA CLASIFICACIÓN DECIMAL DEWEY
Número de clasificación PR861.44
Número de documento/Ítem G643o
049 ## - FONDOS LOCALES (OCLC)
Fondos de biblioteca BNGR
100 1# - ENTRADA PRINCIPAL--NOMBRE DE PERSONA
Nombre de persona González Torres, Rafael A.
9 (RLIN) 14639
245 13 - MENCIÓN DE TÍTULO
Título La obra poética de Félix Franco Oppenheimer :
Resto del título estudio temático-analítico-estilístico /
Mención de responsabilidad, etc. Rafael A. González Torres.
260 ## - PUBLICACIÓN, DISTRIBUCIÓN, ETC.
Lugar de publicación, distribución, etc. Rio Piedras, (Puerto Rico :
Nombre del editor, distribuidor, etc. Universitaria, Universidad de Puerto Rico,
Fecha de publicación, distribución, etc. 1981.
300 ## - DESCRIPCIÓN FÍSICA
Extensión 246 p. ;
Dimensiones 18 cm.
490 1# - MENCIÓN DE SERIE
Mención de serie Estudios literarios
Designación de volumen o secuencia 59
Mención de serie Uprex
504 ## - NOTA DE BIBLIOGRAFÍA, ETC.
Nota de bibliografía, etc. Bibliografía: p. 181-192.
600 10 - PUNTO DE ACCESO ADICIONAL DE MATERIA--NOMBRE DE PERSONA
Nombre de persona FRANCO OPPENHEIMER, FÉLIX,
Fechas asociadas al nombre 1912-
Subdivisión general CRÍTICA E INTERPRETACIÓN
9 (RLIN) 20642
650 #4 - PUNTO DE ACCESO ADICIONAL DE MATERIA--TÉRMINO DE MATERIA
Término de materia o nombre geográfico como elemento de entrada Poetas argentinos
Subdivisión de forma BIOGRAFÍAS
9 (RLIN) 20643
650 #4 - PUNTO DE ACCESO ADICIONAL DE MATERIA--TÉRMINO DE MATERIA
Término de materia o nombre geográfico como elemento de entrada Poetas españoles
Subdivisión general Crítica e interpretación
9 (RLIN) 14275
830 #0 - PUNTO DE ACCESO ADICIONAL DE SERIE-TÍTULO UNIFORME
Título uniforme Estudios literarios ;
Designación de volumen o secuencia 59
Nombre de parte o sección de la obra Uprex
9 (RLIN) 8978
910 ## - DATOS DE OPCIÓN DEL USUARIO (OCLC)
Datos de opción del usuario Catalogación por copia / LC
Holdings
Estado de retiro Estado de pérdida Restricciones de uso No para préstamo Código de colección Localización permanente Ubicación/localización actual Ubicación en estantería Fecha de adquisición Número de inventario Total de préstamos Signatura topográfica completa Código de barras Fecha visto por última vez Precio válido a partir de Tipo de ítem Koha
    Préstamo interno   Monografías: Libros y Folletos General General En catalogación 08.09.2009 LF1   PR861.44 G643o 7435-10 25.06.2020 25.06.2020 Préstamo interno

Powered by Koha